Light-matter interaction : (Record no. 8688)

MARC details
000 -LEADER
fixed length control field 01203cam a22003017i 4500
001 - CONTROL NUMBER
control field 17421316
003 - CONTROL NUMBER IDENTIFIER
control field OSt
005 - DATE AND TIME OF LATEST TRANSACTION
control field 20240621111648.0
008 - FIXED-LENGTH DATA ELEMENTS--GENERAL INFORMATION
fixed length control field 120807s2013 enka b 001 0 eng
010 ## - LIBRARY OF CONGRESS CONTROL NUMBER
LC control number 2012946422
020 ## - INTERNATIONAL STANDARD BOOK NUMBER
International Standard Book Number 9780198567653 (
020 ## - INTERNATIONAL STANDARD BOOK NUMBER
International Standard Book Number 9780198567660
040 ## - CATALOGING SOURCE
Original cataloging agency DDC
Transcribing agency MUST
082 04 - DEWEY DECIMAL CLASSIFICATION NUMBER
Classification number 530 WEI 2013
Edition number 2013
100 1# - MAIN ENTRY--PERSONAL NAME
Personal name Weiner, John,
9 (RLIN) 17560
245 10 - TITLE STATEMENT
Title Light-matter interaction :
Remainder of title Physics and engineering at the nanoscale /
Statement of responsibility, etc. John Weiner
250 ## - EDITION STATEMENT
Edition statement First edition.
264 #1 - PRODUCTION, PUBLICATION, DISTRIBUTION, MANUFACTURE, AND COPYRIGHT NOTICE
Place of production, publication, distribution, manufacture Oxford, United Kingdom :
Name of producer, publisher, distributor, manufacturer Oxford University Press,
Date of production, publication, distribution, manufacture, or copyright notice 2013.
300 ## - PHYSICAL DESCRIPTION
Extent xiii, 261 pages :
Other physical details illustrations ;
Dimensions 25 cm.
504 ## - BIBLIOGRAPHY, ETC. NOTE
Bibliography, etc Includes bibliographical references and indexes
650 #0 - SUBJECT ADDED ENTRY--TOPICAL TERM
Topical term or geographic name as entry element Nanophotonics.
9 (RLIN) 17561
650 #0 - SUBJECT ADDED ENTRY--TOPICAL TERM
Topical term or geographic name as entry element Electromagnetic theory.
9 (RLIN) 15573
650 #0 - SUBJECT ADDED ENTRY--TOPICAL TERM
Topical term or geographic name as entry element Electromagnetic surface waves.
9 (RLIN) 17562
650 #0 - SUBJECT ADDED ENTRY--TOPICAL TERM
Topical term or geographic name as entry element Plasmons (Physics)
9 (RLIN) 17563
650 #0 - SUBJECT ADDED ENTRY--TOPICAL TERM
Topical term or geographic name as entry element Electric circuits.
9 (RLIN) 14248
700 1# - ADDED ENTRY--PERSONAL NAME
Personal name Nunes, Frederico,
9 (RLIN) 17564
942 ## - ADDED ENTRY ELEMENTS (KOHA)
Source of classification or shelving scheme Dewey Decimal Classification
Koha item type Open Shelf
Holdings
Withdrawn status Lost status Source of classification or shelving scheme Damaged status Not for loan Home library Current library Source of acquisition Inventory number Total Checkouts Full call number Barcode Date last seen Koha item type
    Dewey Decimal Classification     MUST Main Library MUST Main Library   14/38461   530 WEI 2013 2024-20979 21/06/2024 Open Shelf